Rozpoznaj państwa świata po Obiektach - Statystyki

Ogólne statystyki
  • Ten quiz został rozwiązany 41 razy
  • Średni wynik to 28 z 36
Statystyki odpowiedzi
Obrazkowy Odpowiedź % Poprawnych
Chiny
100%
Egipt
100%
Grecja
100%
Stany Zjednoczone
100%
Włochy
100%
Nepal
97%
Polska
97%
Rosja
97%
Wielka Brytania
97%
Australia
94%
Brazylia
94%
Francja
94%
Holandia
94%
Japonia
94%
Zjednoczone Emiraty Arabskie
94%
Indie
91%
Niemcy
91%
Hiszpania
88%
Meksyk
82%
Kanada
79%
Tajlandia
79%
Watykan
76%
Malediwy
73%
Korea Południowa
70%
Arabia Saudyjska
67%
Kambodża
67%
Tanzania
64%
Turcja
61%
Malezja
58%
Chorwacja
55%
Węgry
55%
Argentyna
52%
Wietnam
45%
Singapur
33%
Turkmenistan
30%
Nowa Zelandia
21%
Nie znaleziono quizów pasujących do podanych kryteriów
Rozkład punktacji
Procent ludzi z każdym wynikiem
Percentyl według liczby udzielonych odpowiedzi
Twoja historia wyników
Nie rozwiązałeś tego quizu